[Event "Wuerttemberg-ch MT"]
[Site "Stuttgart"]
[Date "2010.08.30"]
[Round "3"]
[White "Mueller, Philipp1111"]
[Black "Ruprich, Udo"]
[Result "1-0"]
[WhiteElo "1992"]
[BlackElo "1979"]
[PlyCount "81"]
[EventDate "2010.08.28"]
[EventType "swiss"]
[EventRounds "9"]
[EventCountry "GER"]
[SourceTitle "EXT 2017"]
[Source "ChessBase"]
[SourceDate "2016.10.25"]
[SourceVersion "1"]
[SourceVersionDate "2016.10.25"]
[SourceQuality "1"]

1. e4 e6 2. d4 d5 3. Nc3 Nf6 4. e5 Nfd7 5. Nce2 c5 6. c3 Nc6 7. f4 Be7 8. Nf3 0-0 9. Ng3 Qb6 10. Bd3 cxd4 11. cxd4 f5 12. Ne2 Rf7 13. 0-0 Nf8 14. Kh1 Bd7 15. Ng5 Bxg5 16. fxg5 g6 17. Rf4 Rc8 18. Nc3 Na5 19. Qe1 Be8 20. b3 Rfc7 21. Bd2 Rxc3 22. Bxc3 Nc6 23. Rc1 a6 24. Ba5 Qa7 25. Bf1 Bd7 26. Bc3 Qb6 27. Rf2 Qd8 28. Qe3 Qe7 29. Rfc2 Re8 30. a4 Ra8 31. Qd2 Be8 32. b4 Nd8 33. b5 Nf7 34. Bb4 Qd8 35. Rc7 axb5 36. axb5 Nd7 37. h4 b6 38. Qc3 Nh8 39. Qc6 Nxe5 40. Qxe6+ Nef7 41. Rc8 1-0

[Event "Wuerttemberg-ch MT"]
[Site "Lindau"]
[Date "2009.09.05"]
[Round "8"]
[White "Baur, Frank"]
[Black "Ruprich, Udo"]
[Result "1/2-1/2"]
[WhiteElo "2159"]
[BlackElo "1999"]
[PlyCount "71"]
[EventDate "2009.08.29"]
[EventType "swiss"]
[EventRounds "9"]
[EventCountry "GER"]
[SourceTitle "EXT 2023"]
[Source "ChessBase"]
[SourceDate "2022.10.05"]
[SourceVersion "1"]
[SourceVersionDate "2022.10.05"]
[SourceQuality "1"]

1. g3 d5 2. Bg2 Nf6 3. Nf3 c5 4. 0-0 Nc6 5. d3 Bf5 6. Nbd2 e5 7. Nh4 Be6 8. e4 Be7 9. Nf5 Bxf5 10. exf5 h5 11. c4 Qd7 12. a3 Rd8 13. cxd5 Nxd5 14. Nc4 Qxf5 15. Bxd5 Rxd5 16. Ne3 Qd7 17. Nxd5 Qxd5 18. f4 c4 19. Qf3 Qd4+ 20. Be3 Qxd3 21. Rad1 Qf5 22. Qd5 f6 23. Qxc4 Qg4 24. Rd2 h4 25. Qe2 Qh3 26. Qg2 Qe6 27. Qd5 Qh3 28. Qg2 Qe6 29. Qd5 Qh3 30. f5 hxg3 31. Qd7+ Kf8 32. Qc8+ Kf7 33. Qe6+ Kf8 34. Qc8+ Kf7 35. Qe6+ Kf8 36. Qc8+ 1/2-1/2

[Event "Wuerttemberg-ch MT"]
[Site "Lindau"]
[Date "2009.09.03"]
[Round "6"]
[White "Huhn, Stefan"]
[Black "Ruprich, Udo"]
[Result "1-0"]
[WhiteElo "2086"]
[BlackElo "1999"]
[PlyCount "109"]
[EventDate "2009.08.29"]
[EventType "swiss"]
[EventRounds "9"]
[EventCountry "GER"]
[SourceTitle "EXT 2023"]
[Source "ChessBase"]
[SourceDate "2022.10.05"]
[SourceVersion "1"]
[SourceVersionDate "2022.10.05"]
[SourceQuality "1"]

1. d4 d5 2. c4 c6 3. Nf3 Bf5 4. cxd5 cxd5 5. Nc3 e6 6. Qb3 Qb6 7. Qxb6 axb6 8. Nh4 Bc2 9. Bf4 Bb4 10. Kd2 Ba4 11. a3 Bxc3+ 12. Kxc3 Nd7 13. b3 Bc6 14. e3 Ngf6 15. Bg3 Ke7 16. Nf3 Ne4+ 17. Kb2 Rhc8 18. Bd3 Nxg3 19. hxg3 h6 20. Rhc1 f6 21. Rc2 Kd8 22. Rac1 b5 23. Nd2 Nb6 24. Nb1 Ra5 25. b4 Raa8 26. Nc3 Nc4+ 27. Bxc4 bxc4 28. b5 Be8 29. f3 Ra5 30. a4 Bg6 31. e4 dxe4 32. fxe4 Kd7 33. Ka3 b6 34. Kb4 Ra7 35. Ra2 Kd6 36. a5 bxa5+ 37. Rxa5 Rxa5 38. Kxa5 e5 39. Rd1 exd4 40. Rxd4+ Ke5 41. Rd5+ Ke6 42. Rd1 Ke5 43. Rd7 Be8 44. Rxg7 f5 45. exf5 Kxf5 46. Kb6 Kf6 47. Ra7 Kg6 48. Ra6 Kh5 49. Ra7 Rd8 50. Rg7 Rd3 51. Ne2 Bg6 52. Nf4+ Kg5 53. Rxg6+ Kf5 54. Nxd3 Kxg6 55. Ne5+ 1-0

[Event "Wuerttemberg-ch MT"]
[Site "Lindau"]
[Date "2009.08.30"]
[Round "2"]
[White "Ruprich, Udo"]
[Black "Haist, Winfried"]
[Result "1/2-1/2"]
[WhiteElo "1999"]
[BlackElo "2091"]
[PlyCount "106"]
[EventDate "2009.08.29"]
[EventType "swiss"]
[EventRounds "9"]
[EventCountry "GER"]
[SourceTitle "EXT 2023"]
[Source "ChessBase"]
[SourceDate "2022.10.05"]
[SourceVersion "1"]
[SourceVersionDate "2022.10.05"]
[SourceQuality "1"]

1. e4 Nc6 2. Nf3 d6 3. d4 Bg4 4. c3 e6 5. Be3 Nf6 6. Bd3 d5 7. e5 Nd7 8. Nbd2 Be7 9. Qc2 Bh5 10. h3 Bg6 11. g4 Nb6 12. b3 Qd7 13. a4 a5 14. h4 Nb8 15. Ke2 Bxd3+ 16. Qxd3 Nc6 17. g5 Kd8 18. h5 Qe8 19. Rag1 Nd7 20. g6 hxg6 21. hxg6 f6 22. exf6 Bxf6 23. Bg5 Rxh1 24. Rxh1 e5 25. Bxf6+ Nxf6 26. dxe5 Nxe5 27. Nxe5 Qxe5+ 28. Kf1 Ra6 29. Rh8+ Ke7 30. c4 Re6 31. Nf3 Qe4 32. Qxe4 Nxe4 33. cxd5 Rxg6 34. Rh4 Nc5 35. b4 axb4 36. Rxb4 Ra6 37. Rc4 b6 38. Rg4 Kf8 39. Rg6 Rxa4 40. Rc6 Ra7 41. d6 cxd6 42. Rxb6 Ne4 43. Nd4 Ra2 44. f3 Ng3+ 45. Ke1 Ke7 46. Rb7+ Kf6 47. Rd7 Ke5 48. Nc6+ Kf4 49. Rxg7 Kxf3 50. Nd4+ Ke3 51. Rxg3+ Kxd4 52. Kd1 Kc4 53. Rh3 d5 1/2-1/2

[Event "Calvia op 4th"]
[Site "Calvia"]
[Date "2007.10.19"]
[Round "5"]
[White "Lie, Terje"]
[Black "Ruprich, Udo"]
[Result "0-1"]
[WhiteElo "1742"]
[BlackElo "2053"]
[PlyCount "102"]
[EventDate "2007.10.15"]
[EventType "swiss"]
[EventRounds "9"]
[EventCountry "ESP"]
[SourceTitle "CBM 120 Extra"]
[Source "ChessBase"]
[SourceDate "2007.11.01"]
[SourceVersion "1"]
[SourceVersionDate "2007.11.01"]
[SourceQuality "1"]

1. d4 Nf6 2. c4 d6 3. Nc3 g6 4. Nf3 Bg7 5. Bf4 Nh5 6. Bd2 Bg4 7. e3 Nc6 8. Be2 0-0 9. 0-0 e5 10. d5 Ne7 11. e4 f5 12. Ng5 Bxe2 13. Nxe2 Qd7 14. f3 f4 15. Qe1 Bf6 16. Ne6 Rf7 17. g4 fxg3 18. hxg3 Ng7 19. Nxg7 Bxg7 20. Kg2 Raf8 21. Ng1 h6 22. Be3 g5 23. b3 Ng6 24. Rc1 g4 25. c5 gxf3+ 26. Rxf3 Qg4 27. Rxf7 Rxf7 28. Kh2 Qxe4 29. cxd6 cxd6 30. Bxa7 Qxd5 31. Rd1 Qc6 32. Qd2 Bf8 33. Bb8 Kg7 34. Nh3 Rd7 35. Qd5 Rd8 36. Ba7 Ra8 37. Bf2 Rxa2 38. b4 Rb2 39. g4 Rxb4 40. Qe6 Nf4 41. Nxf4 Rxf4 42. Be3 Rf6 43. Bxh6+ Rxh6+ 44. Qxh6+ Kxh6 45. Kg3 Qc3+ 46. Kh4 Be7+ 47. g5+ Bxg5+ 48. Kg4 Qc4+ 49. Kf3 e4+ 50. Kg3 Qc3+ 51. Kg4 Qf3# 0-1

[Event "Calvia op 4th"]
[Site "Calvia"]
[Date "2007.10.15"]
[Round "1"]
[White "Movsziszian, Karen"]
[Black "Ruprich, Udo"]
[Result "1-0"]
[WhiteElo "2531"]
[BlackElo "2053"]
[PlyCount "71"]
[EventDate "2007.10.15"]
[EventType "swiss"]
[EventRounds "9"]
[EventCountry "ESP"]
[SourceTitle "CBM 120 Extra"]
[Source "ChessBase"]
[SourceDate "2007.11.01"]
[SourceVersion "1"]
[SourceVersionDate "2007.11.01"]
[SourceQuality "1"]

1. e4 e5 2. Nf3 d6 3. d4 exd4 4. Nxd4 Nf6 5. Nc3 Be7 6. Bc4 0-0 7. 0-0 Nc6 8. Re1 Nxd4 9. Qxd4 Ng4 10. Nd5 Be6 11. Nxe7+ Qxe7 12. Bf1 Rfd8 13. h3 Ne5 14. f4 Nc6 15. Qf2 f6 16. b3 Rd7 17. Bb2 Rf8 18. Rad1 a6 19. Kh2 Qd8 20. c4 Kh8 21. Rd2 Qc8 22. Be2 Re7 23. Bf3 Qe8 24. g4 Bg8 25. h4 Nd8 26. Rg1 Ne6 27. Qg3 Nc5 28. g5 f5 29. e5 dxe5 30. Bxe5 Be6 31. Re1 Bc8 32. Rde2 Qd7 33. h5 Kg8 34. h6 g6 35. Bd5+ Ne6 36. Bf6 1-0

[Event "Wuerttemberg-ch KT"]
[Site "Tuebingen"]
[Date "2007.08.30"]
[Round "6"]
[White "Ruprich, Udo"]
[Black "Hedler, Thomas"]
[Result "1-0"]
[WhiteElo "2061"]
[BlackElo "2019"]
[PlyCount "103"]
[EventDate "2007.08.25"]
[EventType "swiss"]
[EventRounds "9"]
[EventCountry "GER"]
[SourceTitle "CBM 120 Extra"]
[Source "ChessBase"]
[SourceDate "2007.11.01"]
[SourceVersion "1"]
[SourceVersionDate "2007.11.01"]
[SourceQuality "1"]

1. e4 c6 2. d4 d5 3. Nc3 dxe4 4. Nxe4 Bf5 5. Ng3 Bg6 6. Nf3 Nd7 7. h4 h6 8. h5 Bh7 9. Bd3 Bxd3 10. Qxd3 e6 11. Bf4 Qa5+ 12. Bd2 Qc7 13. 0-0-0 0-0-0 14. Kb1 Ngf6 15. c4 Kb8 16. Rh4 Bd6 17. Ne2 e5 18. Nc3 Rhe8 19. Be3 Bb4 20. Qc2 Qa5 21. dxe5 Bxc3 22. Qxc3 Qxc3 23. bxc3 Ng8 24. Rhd4 Kc8 25. Rg4 f6 26. e6 Rxe6 27. Rxg7 Ne7 28. Nd4 Re4 29. Bxh6 Nb6 30. f3 Re2 31. Rc1 Rxd4 32. cxd4 Nf5 33. Rg8+ Kd7 34. Bf4 Nxd4 35. h6 Na4 36. Rg7+ Ke6 37. Rxb7 Rxg2 38. h7 Ne2 39. Re1 Kf5 40. Rxe2 Rxe2 41. Rxa7 Nc3+ 42. Kc1 Re8 43. Be3 Kg6 44. Kd2 Nb1+ 45. Kc2 Nc3 46. Kxc3 Rxe3+ 47. Kd4 Re8 48. Kc5 Kf5 49. Kxc6 Kf4 50. Rf7 f5 51. c5 Ke5 52. Kd7 1-0

[Event "Wuerttemberg-ch KT"]
[Site "Tuebingen"]
[Date "2007.08.29"]
[Round "5"]
[White "Bauer, Dieter"]
[Black "Ruprich, Udo"]
[Result "0-1"]
[WhiteElo "1860"]
[BlackElo "2061"]
[PlyCount "70"]
[EventDate "2007.08.25"]
[EventType "swiss"]
[EventRounds "9"]
[EventCountry "GER"]
[SourceTitle "CBM 120 Extra"]
[Source "ChessBase"]
[SourceDate "2007.11.01"]
[SourceVersion "1"]
[SourceVersionDate "2007.11.01"]
[SourceQuality "1"]

1. c4 c5 2. Nc3 Nf6 3. g3 Nc6 4. Bg2 d6 5. d3 e5 6. e4 Be7 7. Nge2 0-0 8. 0-0 Bd7 9. f4 exf4 10. gxf4 Bg4 11. Bf3 Bh3 12. Bg2 Bxg2 13. Kxg2 Qd7 14. h3 Nh5 15. Be3 f5 16. Nd5 Rae8 17. Nec3 Nf6 18. Qf3 Bd8 19. Rae1 Ba5 20. Re2 fxe4 21. dxe4 Bxc3 22. Nxc3 Qf7 23. Rd1 Qxc4 24. Rxd6 Nxe4 25. Nxe4 Qxe4 26. Kf2 Qf5 27. Rd5 Ne5 28. Qg2 b6 29. Red2 Qf6 30. Qg3 Nc4 31. Re2 Nxe3 32. Rxe3 Qxb2+ 33. Kf1 Qa1+ 34. Re1 Rxe1+ 35. Qxe1 Rxf4+ 0-1

[Event "Calvia op 3rd"]
[Site "Calvia"]
[Date "2006.10.27"]
[Round "8"]
[White "Rodriguez Lopez, Rafael"]
[Black "Ruprich, Udo"]
[Result "1/2-1/2"]
[WhiteElo "2289"]
[BlackElo "2035"]
[PlyCount "81"]
[EventDate "2006.10.20"]
[EventType "swiss"]
[EventRounds "9"]
[EventCountry "ESP"]
[SourceTitle "EXT 2007"]
[Source "ChessBase"]
[SourceDate "2006.11.23"]
[SourceVersion "1"]
[SourceVersionDate "2006.11.23"]
[SourceQuality "1"]

1. d4 d5 2. Nf3 Bf5 3. c4 c6 4. Nc3 e6 5. Bg5 Nf6 6. e3 Nbd7 7. cxd5 exd5 8. Bd3 Bxd3 9. Qxd3 Bb4 10. 0-0 h6 11. Bxf6 Nxf6 12. a3 Bxc3 13. Qxc3 0-0 14. Ne5 Qd6 15. Rfc1 Rfe8 16. Rab1 Ne4 17. Qc2 Qe6 18. b4 Rac8 19. Qe2 Qf5 20. Rb2 Re7 21. Rbc2 Rec7 22. h3 f6 23. Nd3 g5 24. b5 Qd7 25. bxc6 Rxc6 26. Nb4 Rxc2 27. Rxc2 Rxc2 28. Qxc2 a5 29. Na2 Qc6 30. Qd3 Kg7 31. f3 Nd6 32. Nc3 Qc4 33. Qxc4 Nxc4 34. Nxd5 Nxa3 35. Kf2 Kf7 36. Ke2 Ke6 37. e4 Nc2 38. Nc7+ Kd6 39. Nb5+ Kc6 40. Kd2 Kxb5 41. Kxc2 1/2-1/2

[Event "Salou op 08th"]
[Site "Salou"]
[Date "2006.06.14"]
[Round "8"]
[White "Ruprich, Udo"]
[Black "Ibarra Chami, Luis Fernando"]
[Result "1-0"]
[WhiteElo "2021"]
[BlackElo "2197"]
[PlyCount "63"]
[EventDate "2006.06.07"]
[EventType "swiss"]
[EventRounds "9"]
[EventCountry "ESP"]
[SourceTitle "CBM 112 Extra"]
[Source "ChessBase"]
[SourceDate "2006.07.14"]
[SourceVersion "1"]
[SourceVersionDate "2006.07.14"]
[SourceQuality "1"]

1. e4 e6 2. d4 d5 3. Nd2 Nf6 4. e5 Ne4 5. Bd3 Nxd2 6. Bxd2 c5 7. c3 Qb6 8. Qb3 c4 9. Qxb6 axb6 10. Bc2 b5 11. Ne2 Nc6 12. 0-0 b4 13. f4 bxc3 14. bxc3 Ba3 15. Rae1 0-0 16. g4 b5 17. f5 exf5 18. gxf5 f6 19. e6 Bb2 20. Bb1 b4 21. Rf3 bxc3 22. Nxc3 Nxd4 23. Rg3 Bb7 24. Kf2 Kh8 25. Reg1 Rg8 26. Ke3 Nc6 27. Ke2 d4 28. Ne4 d3+ 29. Kd1 Nd4 30. Nd6 Bf3+ 31. Rxf3 Nxf3 32. Nf7# 1-0

[Event "Salou op 08th"]
[Site "Salou"]
[Date "2006.06.12"]
[Round "6"]
[White "Ruprich, Udo"]
[Black "Hutchinson, Paul A"]
[Result "0-1"]
[WhiteElo "2021"]
[BlackElo "2178"]
[PlyCount "106"]
[EventDate "2006.06.07"]
[EventType "swiss"]
[EventRounds "9"]
[EventCountry "ESP"]
[SourceTitle "CBM 112 Extra"]
[Source "ChessBase"]
[SourceDate "2006.07.14"]
[SourceVersion "1"]
[SourceVersionDate "2006.07.14"]
[SourceQuality "1"]

1. e4 d5 2. exd5 Qxd5 3. Nc3 Qa5 4. d4 Nf6 5. Bc4 c6 6. Nf3 Bg4 7. Qe2 e6 8. a3 Be7 9. Bd2 Qc7 10. h3 Bxf3 11. Qxf3 Nbd7 12. 0-0 0-0 13. Ne2 e5 14. c3 Bd6 15. Ng3 Rfe8 16. Nf5 Nb6 17. Qg3 Nh5 18. Qd3 e4 19. Qe2 Nxc4 20. Qxc4 Bf4 21. Bxf4 Qxf4 22. Ne3 Re6 23. Qe2 Nf6 24. Rad1 Rd8 25. Rd2 h5 26. c4 Qg5 27. Rfd1 Red6 28. Nc2 Qf5 29. Ne3 Qg6 30. d5 c5 31. b4 b6 32. bxc5 bxc5 33. Rb2 Nd7 34. Nf1 f5 35. f3 Re8 36. fxe4 Rxe4 37. Qf2 f4 38. Rc1 Qe8 39. Kh2 Rg6 40. Rcc2 Qe5 41. Kh1 Nb6 42. Rb1 Qe7 43. Rbc1 Rg5 44. Nh2 Rg3 45. Nf3 Re3 46. Ra2 Rexf3 47. gxf3 Rxh3+ 48. Kg1 Qg5+ 49. Qg2 Rg3 50. d6 h4 51. Kh1 Rxg2 52. Rxg2 Qf5 53. Rcg1 Qh3+ 0-1

[Event "Salou op 08th"]
[Site "Salou"]
[Date "2006.06.11"]
[Round "5"]
[White "Vinals Rioja, Jaume"]
[Black "Ruprich, Udo"]
[Result "1/2-1/2"]
[WhiteElo "2122"]
[BlackElo "2021"]
[PlyCount "64"]
[EventDate "2006.06.07"]
[EventType "swiss"]
[EventRounds "9"]
[EventCountry "ESP"]
[SourceTitle "CBM 112 Extra"]
[Source "ChessBase"]
[SourceDate "2006.07.14"]
[SourceVersion "1"]
[SourceVersionDate "2006.07.14"]
[SourceQuality "1"]

1. e4 c6 2. d4 d5 3. exd5 cxd5 4. c4 dxc4 5. Bxc4 e6 6. Nf3 Nf6 7. 0-0 Qc7 8. Qe2 Be7 9. Nc3 a6 10. Ne5 0-0 11. Bg5 Nc6 12. Rfd1 b5 13. Bb3 Bb7 14. Rac1 Rac8 15. Nxc6 Bxc6 16. d5 b4 17. dxc6 bxc3 18. Rxc3 Rfd8 19. Rxd8+ Rxd8 20. g3 a5 21. Rc1 Nd5 22. Bxe7 Nxe7 23. Ba4 g6 24. a3 Rb8 25. Qc2 Kf8 26. Rd1 Nd5 27. Bb3 Ne7 28. Ba4 Nd5 29. Qc5+ Kg8 30. Rb1 h5 31. h4 Qe5 32. Rc1 Qxb2 1/2-1/2

[Event "Salou op 08th"]
[Site "Salou"]
[Date "2006.06.09"]
[Round "3"]
[White "Vehi Bach, Victor Manuel"]
[Black "Ruprich, Udo"]
[Result "1-0"]
[WhiteElo "2335"]
[BlackElo "2021"]
[PlyCount "105"]
[EventDate "2006.06.07"]
[EventType "swiss"]
[EventRounds "9"]
[EventCountry "ESP"]
[SourceTitle "CBM 112 Extra"]
[Source "ChessBase"]
[SourceDate "2006.07.14"]
[SourceVersion "1"]
[SourceVersionDate "2006.07.14"]
[SourceQuality "1"]

1. e4 c5 2. Nf3 Nc6 3. d4 cxd4 4. Nxd4 d6 5. c4 Nf6 6. Nc3 g6 7. Be2 Bg7 8. Be3 Bd7 9. 0-0 0-0 10. Qd2 Nxd4 11. Bxd4 Bc6 12. Bd3 e6 13. Rad1 Qe7 14. Rfe1 Rfd8 15. b4 Qf8 16. h3 b6 17. a3 Rd7 18. Qb2 Rad8 19. Bc2 Nh5 20. Ne2 Bxd4 21. Nxd4 Ba8 22. Qc3 Qe7 23. Qe3 e5 24. Ne2 Bc6 25. Rd2 Qh4 26. Red1 Kg7 27. Kh2 Qe7 28. g3 g5 29. Nc3 h6 30. Bd3 Nf6 31. Bc2 Nh5 32. Bd3 Nf6 33. Be2 Rh8 34. Rc1 Ne8 35. Bg4 Rc7 36. Rdc2 Nf6 37. Nd5 Nxg4+ 38. hxg4 Bxd5 39. cxd5 Rhc8 40. Rc6 Qd7 41. b5 Rxc6 42. dxc6 Qxg4 43. Kg2 Rc7 44. Rc2 Qe6 45. Rd2 f5 46. Qd3 fxe4 47. Qxd6 Qxd6 48. Rxd6 Kf7 49. Rxh6 Ke7 50. Rh7+ Kd6 51. Rxc7 Kxc7 52. Kh3 a6 53. a4 1-0

[Event "Stuttgart-chA int"]
[Site "Ditzingen"]
[Date "2006.05.28"]
[Round "7"]
[White "Ruprich, Udo"]
[Black "Lenzen, Martin Oliver"]
[Result "0-1"]
[WhiteElo "2021"]
[BlackElo "1868"]
[PlyCount "96"]
[EventDate "2006.05.25"]
[EventType "swiss"]
[EventRounds "7"]
[EventCountry "GER"]
[SourceTitle "EXT 2018"]
[Source "ChessBase"]
[SourceDate "2017.10.13"]
[SourceVersion "1"]
[SourceVersionDate "2017.10.13"]
[SourceQuality "1"]

1. e4 e5 2. Nf3 Nc6 3. d4 exd4 4. Nxd4 g6 5. c3 Bg7 6. Be3 Nf6 7. Nd2 0-0 8. Be2 d5 9. Nxc6 bxc6 10. exd5 cxd5 11. 0-0 c6 12. Qa4 Bd7 13. Bc5 Re8 14. Bf3 Qb8 15. Nb3 a6 16. Rfe1 Qb5 17. Qh4 Bf5 18. Ba3 Be4 19. Be2 Qb7 20. Nc5 Qb6 21. f3 Bf5 22. g4 Nd7 23. Qf2 Be6 24. Rab1 a5 25. f4 f5 26. Nxe6 Rxe6 27. gxf5 gxf5 28. Qxb6 Nxb6 29. Bd3 Rg6+ 30. Kf2 Rh6 31. Kg3 Bf6 32. Rg1 Kf7 33. Bxf5 Nc4 34. Bc5 Rg8+ 35. Bg4 Nd2 36. b4 Nxb1 37. Rxb1 Rhg6 38. h3 h5 39. bxa5 hxg4 40. f5 R6g7 41. h4 Be5+ 42. Kg2 Kf6 43. a6 Rh7 44. a7 Kxf5 45. Bd4 Bxd4 46. Rb8 Rxa7 47. Rxg8 Rxa2+ 48. Kf1 Bxc3 0-1

[Event "Stuttgart-chA int"]
[Site "Ditzingen"]
[Date "2006.05.27"]
[Round "6"]
[White "Reck, Moritz"]
[Black "Ruprich, Udo"]
[Result "1/2-1/2"]
[WhiteElo "1904"]
[BlackElo "2021"]
[PlyCount "145"]
[EventDate "2006.05.25"]
[EventType "swiss"]
[EventRounds "7"]
[EventCountry "GER"]
[SourceTitle "EXT 2018"]
[Source "ChessBase"]
[SourceDate "2017.10.13"]
[SourceVersion "1"]
[SourceVersionDate "2017.10.13"]
[SourceQuality "1"]

1. g3 d5 2. Bg2 c5 3. d3 Nc6 4. Nc3 e6 5. e4 d4 6. Nce2 e5 7. f4 f6 8. Nf3 Bg4 9. h3 Bxf3 10. Bxf3 Bd6 11. 0-0 Qe7 12. a3 Nh6 13. fxe5 Nxe5 14. Bxh6 Nxf3+ 15. Rxf3 gxh6 16. Nf4 Bxf4 17. Rxf4 0-0-0 18. Qh5 Rhg8 19. Kh2 Rg6 20. Raf1 Rdg8 21. R1f3 Rg5 22. Qxh6 R8g6 23. Qh4 Qg7 24. Rf5 b6 25. Qf4 Rxf5 26. Qxf5+ Qd7 27. g4 Qxf5 28. gxf5 Rg7 29. Rg3 Rf7 30. h4 Kd7 31. h5 Ke7 32. h6 Kf8 33. Kg2 Re7 34. Kf3 Rc7 35. a4 Rd7 36. Kf4 Re7 37. Rg2 a6 38. b3 b5 39. axb5 axb5 40. Rg1 Rc7 41. e5 fxe5+ 42. Kxe5 Re7+ 43. Kd5 Rf7 44. Rg5 Rf6 45. Rh5 c4 46. bxc4 bxc4 47. Kxc4 Rc6+ 48. Kxd4 Rxc2 49. Ke5 Kf7 50. d4 Re2+ 51. Kd6 Kf6 52. d5 Rc2 53. Rh1 Kxf5 54. Re1 Ra2 55. Kc7 Rc2+ 56. Kd7 Rd2 57. d6 Kg6 58. Rh1 Rd3 59. Kc7 Rc3+ 60. Kd8 Rd3 61. d7 Rd2 62. Re1 Kxh6 63. Ke7 Kg5 64. Rg1+ Kf5 65. d8Q Rxd8 66. Kxd8 h5 67. Kd7 h4 68. Kd6 h3 69. Kd5 Kf4 70. Rg8 Kf3 71. Rh8 Kg2 72. Ke4 h2 73. Rxh2+ 1/2-1/2

[Event "Stuttgart-chA int"]
[Site "Ditzingen"]
[Date "2006.05.26"]
[Round "3"]
[White "Ruprich, Udo"]
[Black "Schmalhofer, Adam"]
[Result "1-0"]
[WhiteElo "2021"]
[BlackElo "1900"]
[PlyCount "151"]
[EventDate "2006.05.25"]
[EventType "swiss"]
[EventRounds "7"]
[EventCountry "GER"]
[SourceTitle "EXT 2018"]
[Source "ChessBase"]
[SourceDate "2017.10.13"]
[SourceVersion "1"]
[SourceVersionDate "2017.10.13"]
[SourceQuality "1"]

1. e4 c5 2. Nf3 e6 3. d4 cxd4 4. Nxd4 Nf6 5. Bd3 Nc6 6. Nb5 a6 7. N5c3 b5 8. 0-0 Be7 9. Ne2 d5 10. Nd2 Bb7 11. Ng3 Rc8 12. exd5 Qxd5 13. Nde4 Nb4 14. Qe2 Nxd3 15. cxd3 0-0 16. f3 Rfd8 17. Rd1 Nxe4 18. fxe4 Bc5+ 19. Be3 Qe5 20. Bxc5 Rxc5 21. Rd2 Rdc8 22. Rad1 Qd4+ 23. Qf2 Qxf2+ 24. Kxf2 e5 25. Ke3 Kf8 26. Rf1 R8c7 27. Nf5 Bc8 28. Nh4 Rc1 29. Rxc1 Rxc1 30. Nf3 f6 31. h3 Ke7 32. d4 exd4+ 33. Kxd4 Rc4+ 34. Kd3 Bb7 35. Nd4 Kd6 36. b3 Rc7 37. Rf2 b4 38. Nf3 a5 39. Kd4 Ke6 40. Re2 Ba6 41. Rd2 Bf1 42. Ke3 Rc3+ 43. Kf4 g5+ 44. Kg4 Bd3 45. e5 fxe5 46. Nxg5+ Kf6 47. Rf2+ Kg6 48. Kh4 e4 49. Ne6 e3 50. Rf8 Rc6 51. Nf4+ Kg7 52. Re8 Bg6 53. Rxe3 Rc2 54. Re2 Rxe2 55. Nxe2 Bd3 56. Nc1 Bb5 57. Kg3 Kf6 58. Kf4 Ba6 59. Ke3 Ke5 60. g3 Bc8 61. Nd3+ Kd6 62. g4 Be6 63. Nf4 Bf7 64. Kd4 a4 65. bxa4 Bxa2 66. g5 Kc6 67. Nd3 Be6 68. Nxb4+ Kb6 69. h4 Bf7 70. Ke5 Ka5 71. Nd3 Kxa4 72. Nf4 Kb5 73. Kf6 Ba2 74. Kg7 Bb1 75. g6 hxg6 76. Nxg6 1-0

[Event "Stuttgart-chA int"]
[Site "Ditzingen"]
[Date "2006.05.25"]
[Round "1"]
[White "Ruprich, Udo"]
[Black "Brendel, Oliver"]
[Result "1/2-1/2"]
[WhiteElo "2021"]
[BlackElo "2364"]
[PlyCount "84"]
[EventDate "2006.05.25"]
[EventType "swiss"]
[EventRounds "7"]
[EventCountry "GER"]
[SourceTitle "EXT 2018"]
[Source "ChessBase"]
[SourceDate "2017.10.13"]
[SourceVersion "1"]
[SourceVersionDate "2017.10.13"]
[SourceQuality "1"]

1. e4 c5 2. Nf3 g6 3. c3 Bg7 4. Bc4 d6 5. 0-0 Nf6 6. Re1 0-0 7. d3 Nc6 8. Nbd2 Na5 9. Bb5 a6 10. Ba4 b5 11. Bc2 Nc6 12. h3 Rb8 13. Nf1 b4 14. d4 bxc3 15. bxc3 Qa5 16. d5 Na7 17. Bd2 c4 18. Ne3 e6 19. Qe2 exd5 20. exd5 Nxd5 21. Nxc4 Qc5 22. Nd4 Nb5 23. Nb3 Nbxc3 24. Bxc3 Nxc3 25. Qd3 Qc7 26. Ne3 Bd7 27. a4 Rb4 28. Qxa6 Bxa4 29. Ra3 Rfb8 30. Na1 Bb5 31. Qa7 Rb7 32. Qa8+ Rb8 33. Qa7 Qxa7 34. Rxa7 d5 35. Bb3 Bc4 36. Bxc4 dxc4 37. Nac2 Rb1 38. Nxc4 Rxe1+ 39. Nxe1 Bd4 40. Rd7 Rb4 41. Nd2 Rb2 42. Ndf3 Bf6 1/2-1/2

[Event "Seefeld op 16th"]
[Site "Seefeld"]
[Date "2005.09.19"]
[Round "3"]
[White "Mueller, Norbert"]
[Black "Ruprich, Udo"]
[Result "1-0"]
[WhiteElo "2138"]
[BlackElo "1995"]
[PlyCount "109"]
[EventDate "2005.09.17"]
[EventType "swiss"]
[EventRounds "9"]
[EventCountry "AUT"]
[SourceTitle "EXT 2007"]
[Source "ChessBase"]
[SourceDate "2006.11.23"]
[SourceVersion "1"]
[SourceVersionDate "2006.11.23"]
[SourceQuality "1"]

1. g3 c5 2. Bg2 Nc6 3. e4 d6 4. d3 g6 5. Ne2 Bg7 6. 0-0 e5 7. c3 Be6 8. f4 Qd7 9. Be3 Bg4 10. Nd2 Nge7 11. Nf3 0-0 12. d4 cxd4 13. cxd4 exf4 14. Nxf4 Rac8 15. Qd2 b6 16. Ne1 Qb7 17. b4 Qa6 18. a4 Qc4 19. Nc2 a5 20. b5 Nb4 21. Nxb4 Qxb4 22. Qxb4 axb4 23. h3 Bd7 24. Rab1 Rc4 25. Rfd1 b3 26. Rxb3 Rxa4 27. Rc1 Bxd4 28. Bxd4 Rxd4 29. Rc7 Rd8 30. Ra3 Kf8 31. Raa7 Ke8 32. h4 Ng8 33. Nd5 h5 34. Nxb6 Be6 35. Nd5 Rb8 36. b6 Rd1+ 37. Kf2 Rd2+ 38. Kf1 Kd8 39. Rc6 Bxd5 40. exd5 Rb2 41. Rxd6+ Ke8 42. Ra6 Ne7 43. Bh3 f5 44. Re6 Rc8 45. Re1 Rd8 46. Ra7 Rd7 47. d6 Rxb6 48. Rxe7+ Rxe7 49. Rxe7+ Kf8 50. Re6 Kf7 51. d7 Rb8 52. Rd6 Ke7 53. Rxg6 Kxd7 54. Bxf5+ Ke7 55. Rg5 1-0

[Event "Baden Wuerttemberg-chB"]
[Site "Illertissen"]
[Date "2005.08.31"]
[Round "5"]
[White "Juscamayta Zuegel, Tupac Amaru"]
[Black "Ruprich, Udo"]
[Result "1-0"]
[WhiteElo "2138"]
[BlackElo "1995"]
[PlyCount "57"]
[EventDate "2005.08.27"]
[EventType "swiss"]
[EventRounds "9"]
[EventCountry "GER"]
[SourceTitle "CBM 108 Extra"]
[Source "ChessBase"]
[SourceDate "2005.11.04"]
[SourceVersion "1"]
[SourceVersionDate "2005.11.04"]
[SourceQuality "1"]

1. b3 Nf6 2. Nf3 d5 3. Bb2 e6 4. e3 Nbd7 5. Be2 Bd6 6. d4 0-0 7. 0-0 c5 8. c4 b6 9. Nc3 Bb7 10. dxc5 Nxc5 11. cxd5 exd5 12. Rc1 Rc8 13. b4 Ne6 14. Qa4 Bb8 15. Ba6 Bxa6 16. Qxa6 Rc4 17. Nxd5 Rg4 18. Nxf6+ gxf6 19. Rfd1 Qe7 20. Rc8 Bd6 21. h3 Rg6 22. Nh4 Rg5 23. Rxf8+ Nxf8 24. Qd3 Bxb4 25. f4 Rh5 26. Nf5 Qe6 27. g4 Rxh3 28. Kg2 Qxa2 29. Qd4 1-0